Self- assessment in accident and emergency medicine / (Record no. 4575)

MARC details
000 -LEADER
fixed length control field 00637nam a22002177a 4500
003 - CONTROL NUMBER IDENTIFIER
control field OSt
005 - DATE AND TIME OF LATEST TRANSACTION
control field 20160630151259.0
008 - FIXED-LENGTH DATA ELEMENTS--GENERAL INFORMATION
fixed length control field 160630b xxu||||| |||| 00| 0 eng d
020 ## - INTERNATIONAL STANDARD BOOK NUMBER
International Standard Book Number 0750622156
040 ## - CATALOGING SOURCE
Transcribing agency 040a
082 ## - DEWEY DECIMAL CLASSIFICATION NUMBER
Classification number WA 250
Item number B89s 1996
100 ## - MAIN ENTRY--PERSONAL NAME
Personal name Burke, Derek
9 (RLIN) 9803
245 ## - TITLE STATEMENT
Title Self- assessment in accident and emergency medicine /
Statement of responsibility, etc. Derek Burke, Ian Greaves, Philip Hormbrey
260 ## - PUBLICATION, DISTRIBUTION, ETC. (IMPRINT)
Place of publication, distribution, etc. Oxford
Name of publisher, distributor, etc. Butterworth-Heinemann
Date of publication, distribution, etc. 1996
300 ## - PHYSICAL DESCRIPTION
Extent x, 220p;
Other physical details ill :
Dimensions 12 cm.
504 ## - BIBLIOGRAPHY, ETC. NOTE
Bibliography, etc Includes index
650 ## - SUBJECT ADDED ENTRY--TOPICAL TERM
Topical term or geographic name as entry element Accidents
9 (RLIN) 9804
700 ## - ADDED ENTRY--PERSONAL NAME
Personal name Greaves, Ian
9 (RLIN) 9805
700 ## - ADDED ENTRY--PERSONAL NAME
Personal name Hormbrey, Philip
9 (RLIN) 9806
942 ## - ADDED ENTRY ELEMENTS (KOHA)
Source of classification or shelving scheme Other/Generic Classification Scheme
Koha item type Open Shelf
Holdings
Withdrawn status Lost status Source of classification or shelving scheme Damaged status Not for loan Home library Current library Date acquired Source of acquisition Inventory number Total Checkouts Full call number Barcode Date last seen Price effective from Koha item type
    Other/Generic Classification Scheme     MUST Main Library MUST Main Library 30/06/2016   2000/13748   WA 250 B89s 1996 2016-2903 30/06/2016 30/06/2016 Open Shelf
    Other/Generic Classification Scheme     MUST Main Library MUST Main Library 07/07/2016   2000/13750   WA 250 B89s 1996 2016-3048 07/07/2016 07/07/2016 Open Shelf